00653nam a2200217Ia 4500003000900000008004100009040001300050040001300063041000800076100002800084245003400112250001200146260002000158260000900178300001100187300001200198490000600210942000700216999001700223952019500240IT-RoPAU120407s9999 xx 000 0 und d aIT-RoPAU cIT-RoPAU aita aPercy Williams Bridgman aLa natura della teoria fisica aFirenze aLa Nuova Italia c1965 a155 p. c19,5 cm v1 cBK c26271d26271 00102ddc406530_10000000000000071aPAULUSbPAULUSd2012-04-11l0o530.10r2012-04-11 00:00:00w2012-04-11yBKzInserito da: Jole In data: 22 luglio 2011 fondo: Via A.Severo 56 Progr:20434